000
00258nam a22001217a 4500
003
SGT
082
_a
617.51
_b
S90G
100
_a
GLASSCOCK, MICHAEL E.
245
_a
SURGERY OF THE EAR
260
_a
ASIA
_b
HARCOURT
_c
1990
300
_a
640
942
_2
ddc
_c
BK
999
_c
14974
_d
14974